LEADER 00935nam0-2200325---450- 001 990009900350403321 005 20141001112553.0 010 $a978-88-581-0731-7 035 $a000990035 035 $aFED01000990035 035 $a(Aleph)000990035FED01 035 $a000990035 100 $a20141001d2013----km-y0itay50------ba 101 0 $aita 102 $aIT 105 $a--------001yy 200 1 $aContro il colonialismo digitale$eistruzioni per continuare a leggere$fRoberto Casati 210 $aRoma : Bari$cLaterza$d2013 215 $aVI, 130 p.$d21 cm 225 1 $aI Robinson$iLetture 610 0 $aLettura$aImpiego risorse elettroniche 676 $a028.8$v22$zita 700 1$aCasati,$bRoberto$0217445 801 0$aIT$bUNINA$gRICA$2UNIMARC 901 $aBK 912 $a990009900350403321 952 $a028.8 CAS 1$b6535$fBFS 959 $aBFS 996 $aContro il colonialismo digitale$9828671 997 $aUNINA LEADER 01088nam a22003014i 4500 001 991003709129707536 008 191028s2013 it b 001 0 ita d 020 $a9788837118808 035 $ab14375096-39ule_inst 040 $aBibl. Dip.le Aggr. Matematica e Fisica - Sez. Matematica$beng 082 04$a515.42$223 084 $aLC QC20.7 084 $aAMS 28A20 084 $aAMS 28A25 084 $aAMS 28A35 100 1 $aLetta, Giorgio$031279 245 10$aArgomenti scelti di teoria della misura /$cGiorgio Letta 260 $aBologna :$bPitagora,$cc2013 300 $axi, 182 p. ;$c25 cm 490 0 $aQuaderni dell'Unione Matematica Italiana ;$v54 504 $aIncludes bibliographical references and index 650 4$aMeasure theory 907 $a.b14375096$b11-11-19$c28-10-19 912 $a991003709129707536 945 $aLE013 28A LET12 (2013)$g1$i2013000296982$lle013$op$pE25.00$q-$rl$s- $t0$u0$v0$w0$x0$y.i15906668$z11-11-19 996 $aArgomenti scelti di teoria della misura$9828688 997 $aUNISALENTO 998 $ale013$b28-10-19$cm$da $e-$fita$git $h0$i0 LEADER 02400nam 22005773 450 001 9910554501103321 005 20231110220739.0 010 $a9783112401422 010 $a3112401425 024 7 $a10.1515/9783112401422 035 $a(CKB)4950000000281670 035 $a(MiAaPQ)EBC6784327 035 $a(Au-PeEL)EBL6784327 035 $a(OCoLC)1281965294 035 $a(DE-B1597)590893 035 $a(DE-B1597)9783112401422 035 $a(OCoLC)1280944084 035 $a(Perlego)3025771 035 $a(EXLCZ)994950000000281670 100 $a20211214d1997 uy 0 101 0 $ager 135 $aurcnu|||||||| 181 $ctxt$2rdacontent 182 $cc$2rdamedia 183 $acr$2rdacarrier 200 10$aAbd or-Rahim Han-E Hanan (964-1036 / 1556-1627) 205 $a1st ed. 210 1$aBasel/Berlin/Boston :$cKlaus-Schwarz-Verlag GmbH,$d1997. 210 4$d©2021. 215 $a1 online resource (164 pages) 225 1 $aIslamkundliche Untersuchungen ;$vv.206 311 08$a9783879972586 311 08$a3879972583 327 $tFrontmatter -- $tInhaltsverzeichnis -- $tVorwort -- $tEinleitung -- $tI. Autor und Werk -- $tII. Das Leben 'Abd or-Rahlms -- $tIII. Gefolgschaftswechsel innerhalb des Mogulreiches -- $t1. Ein Leben ohne Patron -- $t2. Der Hof 'Abd or-Rahlms innerhalb der Fürstenhöfe -- $t3. Kaiserhaus und Gouverneur -- $tIV. Migration innerhalb Indiens -- $tV. Die Auswanderung aus dem Iran -- $t1. Emigration aus politischen Gründen -- $t2. Religiöse Verfolgung -- $t3. Die wirtschaftliche Lage -- $t4. Die kulturelle Faszination -- $t5. Propaganda für das Mogulreich -- $tRegister -- $tBibliographie -- $tKartenteil 330 8 $aKeine ausfu?hrliche Beschreibung fu?r "Abd or-Rahim Han-e Hanan (964-1036 / 1556-1627): Staatsmann und Ma?zen." verfu?gbar. 410 0$aIslamkundliche Untersuchungen 517 $aAbd or-Rahim Han-E Hanan 606 $aPOLITICAL SCIENCE / General$2bisacsh 607 $aMughal Empire$xKings and rulers 607 $aMughal Empire$xCivilization 607 $aIndia$xHistory$y1526-1765 615 7$aPOLITICAL SCIENCE / General. 686 $a15.75$2bcl 700 $aOrthmann$b Eva$01218370 801 0$bMiAaPQ 801 1$bMiAaPQ 801 2$bMiAaPQ 906 $aBOOK 912 $a9910554501103321 996 $aAbd or-Rahim Han-E Hanan (964-1036$92817493 997 $aUNINA